书目信息 |
| 题名: |
怎样写记叙文
|
|
| 作者: | ;天津师范学院中文系 编 | |
| 分册: | ||
| 出版信息: | 1977 |
|
| 页数: | 163页 | |
| 开本: | 20cm | |
| 丛书名: | ||
| 单 册: | ||
| 中图分类: | H152.1 | |
| 科图分类: | ||
| 主题词: | 汉语--写作 , 汉语--修辞 | |
| 电子资源: | ||
| ISBN: | ||
| 000 | 00549nam0 2200181 450 | |
| 001 | 0660046234 | |
| 005 | 20060815164154.79 | |
| 100 | @a20060815d1977 km y0chiy0120 ea | |
| 101 | 0 | @achi |
| 200 | 1 | @a怎样写记叙文@Azen yang xie ji xu wen@f天津师范学院中文系编@Ftian jin shi fan xue yuan zhong wen xi bian |
| 210 | @d1977 | |
| 215 | @a163页@d20cm | |
| 606 | 0 | @a汉语@x写作 |
| 606 | 0 | @a汉语@x修辞 |
| 690 | @aH152.1@v3 | |
| 711 | 0 | @a天津师范学院中文系@Atian jin shi fan xue yuan zhong wen xi@4编 |
| 801 | 0 | @aCN@bPFT@c20060815 |
| 905 | @a10447@dH152.1@e327 | |
| 怎样写记叙文/天津师范学院中文系编.-1977 |
| 163页;20cm |
| ISBN : |
| ● |
| 相关链接 |
|
|
|
|
正题名:怎样写记叙文
索取号:H152.1/327
 
预约/预借
| 序号 | 登录号 | 条形码 | 馆藏地/架位号 | 状态 | 备注 |
| 1 | 0462906 | 204629063 | 密集书库/ [索取号:H152.1/327] | 在馆 |